| 000 | 01112nam a22002657a 4500 | ||
|---|---|---|---|
| 005 | 20101028111547.0 | ||
| 008 | 101028t xxu||||| |||| 00| 0 hin d | ||
| 010 | _aHIN-90926 | ||
| 020 |
_c400.00 _a9789380062075 |
||
| 035 | _aHN-63272 | ||
| 037 | _bDBAD / PUB | ||
| 040 |
_aDPL _bHN |
||
| 082 | _a828 | ||
| 100 |
_aकुमार विमल _924013 |
||
| 245 |
_aरचना के विविध रंगः _cकुमार विमल _bप्रतिनिधि रचनाएं / |
||
| 246 |
_aRachana ke Vividh rang comp _bby Kumar Bimal |
||
| 260 |
_aपटना _bजागृति साहित्य प्रकाशन _c2009 |
||
| 270 |
_aसाइंस कॉलेज के सामने, अशोक राजपथ _bपटना _e800006 |
||
| 300 |
_a252पृ _c22सेमी (सजिल्द) |
||
| 650 | _91159 | ||
| 700 | _924014 | ||
| 700 | _924064 | ||
| 942 |
_2ddc _cHN _h828 _mकुमार |
||
| 999 |
_c48525 _d48525 |
||